Lập trình C++ thế nào?; T1

Na minha lista:
Detalhes bibliográficos
Autor principal: Hoàng Ngọc Giao
Formato: Livro
Idioma:Undetermined
Publicado em: Hà Nội Thống Kê 1996
Assuntos:
Tags: Adicionar Tag
Sem tags, seja o primeiro a adicionar uma tag!
Thư viện lưu trữ: Trung tâm Học liệu Trường Đại học Cần Thơ
LEADER 00496nam a2200169Ia 4500
001 CTU_28734
008 210402s9999 xx 000 0 und d
082 |a 005.133 
082 |b Gi108/T1 
100 |a Hoàng Ngọc Giao 
245 0 |a Lập trình C++ thế nào?; T1 
245 0 |c Hoàng Ngọc Giao, SAMIS 
260 |a Hà Nội 
260 |b Thống Kê 
260 |c 1996 
650 |a c ( computer program language ) 
980 |a Trung tâm Học liệu Trường Đại học Cần Thơ